000 00312nam a22001457a 4500
008 221005b ||||| |||| 00| 0 eng d
020 _a9781256262992
041 _aeng
080 _a610.73
082 _a610.73 FIN
100 _a6
101 _aINF
245 _aNURSING 4100
_cFINKELMAN A
942 _2udc
_cBK
999 _c58364
_d58364